000
00218nam a22000977a 4500
999
_c
532038
_d
532038
040
_c
DLC
082
_a
891.4393
_b
TAR
100
_a
Tarar, Mustansar Hussain
_9
3135
245
_a
Siyah Ankh main Tasveer
942
_2
ddc
_c
BK